ბათუმის შოთა რუსთაველის სახელმწიფო უნივერსიტეტის ბიბლიოთეკა

ზოგადი პათოლოგიის საფუძვლები : (ბიბ.ჩანაწერი № 34504)

000 -ლიდერი
ფიქსირებული სიგრძის საკონტროლო ველი 01330nam a2200289Ia 4500
001 - საკონტროლო ნომერი
საკონტროლო ველი 253
003 - საკონტროლო ნომრის იდენტიფიკატორი
საკონტროლო ველი GE_BSU
005 - ბოლო ოპერაციის თარიღი და დრო
საკონტროლო ველი 20240610122953.0
008 - ფიქსირებული სიგრძის მონაცემთა ელემენტები - ზოგადი ინფორმაცია
ფიქსირებული სიგრძის საკონტროლო ველი 181216s2005||||ge |||||||||||||| ||geo||
020 ## - წიგნის საერთაშორისო სტანდარტული ნომერი
International Standard Book Number 9994005030
040 ## - კატალოგიზაციის წყარო
Transcribing agency GE_BSU
041 ## - ენის კოდი
Language code of text/sound track or separate title geo
080 ## - უნივერსალური ათობითი კლასიფიკაციის ინდექსი
Universal Decimal Classification number 616-091(075.8) ბ-97
100 ## - მთავარი ჩანაწერი - პიროვნების სახელი
Personal name ბურკაძე, გ.
9 (RLIN) 22372
245 ## - ცნობა სათაურის შესახებ
Title ზოგადი პათოლოგიის საფუძვლები :
Remainder of title ჰისტოპათოლოგია, ციტოპათოლოგია, მოლეკულური პათოლოგია /
Statement of responsibility, etc გიორგი ბურკაძე, გულისა ტურაშვილი; რედ.: ზაზა ავალიანი.
250 ## - გამოცემის ცნობა
Edition statement 1-ლი გამოცემა
264 ## - წარმოების, გამოცემის, დისტრიბუციის და სხვა ცნობები
გამოცემის, წარმოების, დისტრიბუციის... ადგილი თბილისი :
გამოცემის, წარმოების, დისტრიბუციის... სახელწოდება ზეკარი,
გამოცემის, წარმოების, დისტრიბუციის... თარიღი 2005.
300 ## - ფიზიკური აღწერა
Extent 375 გვ.;
653 ## - INDEX TERM--UNCONTROLLED
Uncontrolled term ზოგადი პათოლოგია
653 ## - INDEX TERM--UNCONTROLLED
Uncontrolled term მედიცინა
653 ## - INDEX TERM--UNCONTROLLED
Uncontrolled term ორგანოთა პათოლოგია
653 ## - INDEX TERM--UNCONTROLLED
Uncontrolled term ჰისტოპათოლოგია
700 ## - ADDED ENTRY--PERSONAL NAME
Personal name ტურაშვილი, გულისა
Relator term ავტორი
9 (RLIN) 22373
700 ## - ADDED ENTRY--PERSONAL NAME
Personal name ავალიანი, ზაზა
Relator term რედაქტორი
9 (RLIN) 22374
942 ## - ADDED ENTRY ELEMENTS (KOHA)
Koha item type წიგნი
Source of classification or shelving scheme
ეგზემპლარები
ჩამოწერის სტატუსი დაკარგული ეგზემპლარის სტატუსი კლასიფიკაციის წყარო ან თაროზე გაწყობის სქემა დაზიანების სტატუსი არ გაიცემა მუდმივი მდებარეობა (დაცვის ადგილი) ამჟამინდელი ადგილსამყოფელი თაროზე განთავსების ადგილი შეძენის თარიღი ღირებულება, შესყიდვის ნორმალური ფასი სრული შენახვის შიფრი შტრიხკოდი ბოლო ოპერაციის თარიღი ეგზემპლარის მიმდევრობითი ნომერი (კეტერი?) ფასის ძალაში შესვლის თარიღი ეგზემპლარის სახეობა საჯარო შენიშვნა
          ბათუმის შოთა რუსთაველის სახელმწიფო უნივერსიტეტის მთავარი ბიბლიოთეკა ბათუმის შოთა რუსთაველის სახელმწიფო უნივერსიტეტის მთავარი ბიბლიოთეკა წიგნსაცავი 2018-12-17 25.00 616-091(075.8) ბ-97 1337 2018-12-17 1337 2018-12-17 წიგნი 25 ლ.